Handbook of polymer-fibre composites

This book reflects this trend and offers an in-depth and up-to-date examination of fibre-reinforced plastics from both a scientific and a technological perspective. It covers the main subdivisions of the field: fibrous reinforcements for composite materials; polymers and matrices; fabrication of pol...

Volledige beschrijving

Bewaard in:
Bibliografische gegevens
Formaat: Boek
Taal:Undetermined
Gepubliceerd in: London Longman 1994
Onderwerpen:
Tags: Voeg label toe
Geen labels, Wees de eerste die dit record labelt!
Thư viện lưu trữ: Trung tâm Học liệu Trường Đại học Cần Thơ
LEADER 00865nam a2200181Ia 4500
001 CTU_22894
008 210402s9999 xx 000 0 und d
020 |b 405df 
082 |a 620.192 
082 |b H236 
245 0 |a Handbook of polymer-fibre composites 
260 |a London 
260 |b Longman 
260 |c 1994 
520 |a This book reflects this trend and offers an in-depth and up-to-date examination of fibre-reinforced plastics from both a scientific and a technological perspective. It covers the main subdivisions of the field: fibrous reinforcements for composite materials; polymers and matrices; fabrication of polymer composites; micro- and macromechanical properties of composites; environmental aspects 
650 |a fibrous composites,polymeric composites 
904 |i Minh, 980627 
980 |a Trung tâm Học liệu Trường Đại học Cần Thơ